Pobreza extrema en contextos urbanos: una aproximación para un estudio de la vida económica /

保存先:
書誌詳細
第一著者: Río, Paula del
フォーマット: テキスト
タグ: タグ追加
タグなし, このレコードへの初めてのタグを付けませんか!

MARC

LEADER 00000 a a2200000 04500
001 43004
003
040
100 |a Río, Paula del  
245 |a Pobreza extrema en contextos urbanos:   |b una aproximación para un estudio de la vida económica /  |c Paula del Río  
500 |a pauladelrio@ciudad.com.ar  
773 |g volumen15 (2009), páginas 149-160  
999 |c 25175  |d 25175